000 00471nam a22001697a 4500
005 20251108164720.0
008 250721s1988 xx 000 0 ara d
082 1 4 _a812.9565/ميس
100 1 _aحنا، ميسون
245 1 0 _aشباك الحلوة :
_bمسرحية /
264 1 _aعمان :
_bدار جاد للنشر،
_c1988.
300 _a64ص
650 1 7 _aالمسرحيات العربية
650 1 7 _aالأردن
942 _2ddc
_cBK
999 _c12551
_d12551